00548cam a22001337a 4500008004000000082002200040100009400062245011300156260004300269300000900312500002900321700003100350700003300381180718b1968 xxu||||| |||| 00| 0 eng d aG1106x54 In2/1968 aIndia. Joint Committee on Salary, Allowances and other Amenities to Members of Parliament aJoint Committee on Salary, Allowances and other Amenities to members of Parliamentcby Lok Sabha Secretariat aNew DelhibLok Sabha Secretariatc1968 a38+p aChairman: Bibhuti Mishra aMishra, Bibhuti (Chairman) aIndia. Lok Sabha Secretariat